000 00721nam a2200265Ia 4500
005 20260121161402.0
008 008 260114s9999 xx 000 0 eng d
020 _a9781003392941
037 _aEBOOK
040 _aCRL
040 _beng
040 _cCRL
041 _2eng
041 _aeng
084 _qCRL
100 _aMedicinal Plants for the Management of Neurodegenerative Diseases
_91043936
245 0 _aJamal Akhtar; Maryam Sarwat; Fouzia Bashir
260 _bTaylor and Francis
260 _c2024
650 _aAgriculture & Environmental Sciences
_91043937
856 _uhttp://www.taylorfrancis.com/books/9781003392941
942 _cEBOOK
999 _c1610374
_d1610374